00562nam a2200181 a 450000100100000000500170001000800410002702000150006804000250008308200170010810000380012524500640016326000370022730000210026450000600028565000120034565000230035700002210320240514104852.0100916s1996 ve r 000 0 spa d a9803540238 aDO-SdBNPbspacBNPHU a362.5bA864p1 aAtencio Bello, Heraclio E.d1944-10aPobreza :bReto del siglo XXI /cHeraclio E. Atencio Bello. aCaracas :bItalgráfica,c1996. a373 p. ;c23 cm. aIncluye referencia biográfica del autor en la solapa. 0aPobreza 4aPobrezazVenezuela